00862cam a2200241Ma 450000500170000000800410001702000180005802000180007603500210009404000500011504100080016510000320017324501220020526000490032730000180037649000250039450400410041965000170046065000290047765000650050665000250057170000240059620180601164025.0150504s2011 ck d fr 000 0 spa d a9788467659436 a9789587620283 a(OCoLC)751668319 aCO-BoUCMbspacJose A. GerenadJose A. Gerena0 aspa1 aRíos Ariza, José Manuel10aCompetencias, TIC e innovaciónbnuevos escenarios para nuevos retoscJosé Manuel Ríos Ariza, Julio Ruiz Palmero aBogotá (Colombia)bEdiciones de la Uc2011 a136 páginas1 aInnovación escolar aIncluye referencias bibliográficas07aEducación 07aInnovaciones educativas 07aTecnologías de la información y la comunicación. TICs 07aEducación virtual 1 aRuiz Palmero, Julio